| 000 | 00710nam a2200217Ia 4500 | ||
|---|---|---|---|
| 003 | GCL | ||
| 008 | 140319s9999 xx 000 0 ara d | ||
| 040 |
_aGCL / _cGCL |
||
| 082 | 0 | 4 |
_a810.9 _bف ا |
| 100 | 1 |
_aمصطفى ماهر _vAnnotator _@ _٠عÙÙ |
|
| 245 | 1 | 0 |
_aالادب المصرى الحديث فى منهج التحليل الى المكونات / _cمصطفى ماهر |
| 700 | 1 | _aفالك فالتر | |
| 260 |
_a[S.N] : _bالمجلس الاعلى للثقافة ، _c1986 |
||
| 300 | _a218 ص | ||
| 490 | _a | ||
| 650 | 0 | 4 | _aالادب العربى |
| 650 | 0 | 4 | _aالعصر الحديث |
| 650 | 0 | 4 | _aالادب المصرى |
| 650 | 0 | 4 | _aتاريخ ونقد |
| 942 |
_2ddc _cBK |
||
| 999 |
_c57530 _d57530 |
||